ARRUPE JESUIT UNIVERSITY

CORONAVIRUS -STOP THE SPREAD - CLEAN,DISINFECT,COVER

Research and theory in current archeology, (Record no. 131452)

MARC details
000 -LEADER
fixed length control field 00541nam a22001577a 4500
008 - FIXED-LENGTH DATA ELEMENTS--GENERAL INFORMATION
fixed length control field 220518b |||||||| |||| 00| 0 eng d
020 ## - INTERNATIONAL STANDARD BOOK NUMBER
International Standard Book Number 0471712914.
050 ## - LIBRARY OF CONGRESS CALL NUMBER
Classification number CC75.R42 1973
100 ## - MAIN ENTRY--PERSONAL NAME
Personal name Redman L. Charles
9 (RLIN) 51645
245 ## - TITLE STATEMENT
Title Research and theory in current archeology,
Statement of responsibility, etc Charles L. Redman
260 ## - PUBLICATION, DISTRIBUTION, ETC. (IMPRINT)
Place of publication, distribution, etc New York:
Name of publisher, distributor, etc John Wiley & Sons,
Date of publication, distribution, etc 1973.
300 ## - PHYSICAL DESCRIPTION
Extent ix,390p.;
Dimensions 23cm.
650 ## - SUBJECT ADDED ENTRY--TOPICAL TERM
Topical term or geographic name as entry element archaeology
General subdivision addresses,essays,lectures
9 (RLIN) 51646
650 ## - SUBJECT ADDED ENTRY--TOPICAL TERM
Topical term or geographic name as entry element archaeology
Form subdivision addresses,essays,lectures
General subdivision methodology
9 (RLIN) 51647
942 ## - ADDED ENTRY ELEMENTS (KOHA)
Source of classification or shelving scheme Library of Congress Classification
Item type Monograph ( Printed materials)
Holdings
Withdrawn status Lost status Source of classification or shelving scheme Damaged status Not for loan Collection code Home library Current library Date acquired Total Checkouts Full call number Barcode Date last seen Price effective from Koha item type
    Library of Congress Classification     Main Collection ARRUPE LIBRARY ARRUPE LIBRARY 18/05/2022   CC75.R42 1973 46600009222 18/05/2022 18/05/2022 Monograph ( Printed materials)

 

Arrupe Library. PO Box MP320 Mt Pleasant, Harare, Zimbabwe
263 242 745411|librarian@aju.ac.zw